000 00934nam0a22002651 4500
001 rc\181035
005 20260317114924.0
010 _a5-7424-0542-1
_915000
035 _a(NLR Aleph) 005440410
090 _a4751294
_c4751294
100 _a20030307d1994 u y0rusy50 ca
101 0 _arus
102 _aRU
105 _aa |||||||||
200 1 _aЛетопись города Иркутска за 1902-1924 гг.
_f[Предисл. и примеч. Н.В. Куликаускене]
210 _aИркутск
_cВост.-Сиб. кн. изд-во
_d1994
215 _a555 с.
_cил., портр.
_d20
320 _aБиблиогр. в подстроч. примеч.
700 1 _aРоманов
_bН. С.
_cбиблиограф
_f1871-1942
_gНит Степанович
_3RU\NLR\AUTH\7769449
801 0 _aRU
_bNLR
_gpsbo
801 1 _aRU
_bELAR
_2rusmarc
852 _aNLR
_j96-3/2072
942 _cBOOK
980 _aNB